Digital Principles and Applications (Record no. 689)
[ view plain ]
| 000 -LEADER | |
|---|---|
| Fixed length control field | 00551nam a2200181 4500 |
| 003 - CONTROL NUMBER IDENTIFIER | |
| Control field | SEACOMMC |
| 005 - DATE AND TIME OF LATEST TRANSACTION | |
| Control field | 20250422150728.0 |
| 008 - FIXED-LENGTH DATA ELEMENTS--GENERAL INFORMATION | |
| Fixed length control field | 241023b |||||||| |||| 00| 0 eng d |
| 020 ## - INTERNATIONAL STANDARD BOOK NUMBER / ISBN | |
| International Standard Book Number | 978-0-07-060175-8 |
| Price | Rs.279.00 |
| 040 ## - CATALOGING SOURCE | |
| Original cataloging agency | SEACOMMC |
| 082 ## - DEWEY DECIMAL CLASSIFICATION NUMBER | |
| Classification number | 621.38153 |
| Book Number | L 511 |
| 100 ## - MAIN ENTRY--PERSONAL NAME | |
| Personal name | Leach Donald P |
| 245 1# - TITLE STATEMENT | |
| Title | Digital Principles and Applications |
| Statement of responsibility | Donald P. Leach, Albert Paul Malvino[and]Goutam Saha |
| 250 ## - EDITION STATEMENT | |
| Edition statement | 6th ed. |
| 260 ## - IMPRINT | |
| Place of publication | New Delhi |
| Name of publisher | Tata McGraw Hill |
| Date of publication | 2006 |
| 650 ## - SUBJECT ADDED ENTRY--TOPICAL TERM | |
| Topical term | Electronic Digital Computers--Circuits |
| 942 ## - ADDED ENTRY ELEMENTS (KOHA) | |
| Koha item type | Books |
| Withdrawn status | Lost status | Source of classification | Damaged status | Not for loan | Home library | Current library | Shelving location | Date acquired | Total Checkouts | Call number | Accession number | Date last seen | Price effective from | Koha item type | Copy number |
|---|---|---|---|---|---|---|---|---|---|---|---|---|---|---|---|
| Dewey Decimal Classification | SEACOM MANAGEMENT COLLEGE | SEACOM MANAGEMENT COLLEGE | Reference | 01/11/2007 | 621.38153 L 511 | M-621 | 23/10/2024 | 23/10/2024 | Books | ||||||
| Dewey Decimal Classification | SEACOM MANAGEMENT COLLEGE | SEACOM MANAGEMENT COLLEGE | 01/11/2007 | 621.38153 L 511 | M-622 | 23/10/2024 | 23/10/2024 | Books | 1 | ||||||
| Dewey Decimal Classification | SEACOM MANAGEMENT COLLEGE | SEACOM MANAGEMENT COLLEGE | 01/11/2007 | 621.38153 L 511 | M-623 | 23/10/2024 | 23/10/2024 | Books | 2 |
